[Event "Olomouc Chess Summer 2023 - D1"]
[Site "Olomouc (CZE), Hotel Flora"]
[Date "2023.08.14"]
[Round "4"]
[Board "3"]
[White "Llopis de Aysa, Manuel"]
[Black "Bartos, Jan"]
[Result "1/2-1/2"]
[WhiteElo "1995"]
[BlackElo "2095"]
[PlyCount "0"]
[EventDate "2023.08.12"]
[EventRounds "9"]
[EventCountry "CZE"]

1. d4 Nf6 2. Nf3 g6 3. Nbd2 c5 4. dxc5 Qa5 5. a3 Qxc5 6. b4 Qc7 7. c4 Bg7 8. Bb2
d6 9. e3 O-O 10. Be2 b6 11. O-O Bb7 12. Qb3 Nbd7 13. h3 Rac8 14. Rac1 Qb8 15. Rfd1
Qa8 16. Qa2 Rc7 17. Qa1 Rfc8 18. Kh2 Nf8 19. Nd4 Ne4 20. Nxe4 Bxe4 21. Nb5 Bxb2 22.
Qxb2 Rd7 23. f3 Bb7 24. e4 Ne6 25. Nc3 Nf4 26. Bf1 Qb8 27. Kg1 e5 28. Nd5 Nxd5 29.
cxd5 Rdc7 30. Bd3 Rxc1 31. Rxc1 Rc7 32. Rxc7 Qxc7 33. Qc2 Qxc2 34. Bxc2 Bc8 35. Bd3
f5 36. g4 Kf7 37. Be2 Kf6 38. h4 h6 39. Kg2 Bd7 40. b5 f4 41. Kh2 g5 42. h5 Ke7 43.
Kg2 Kd8 44. Kf2 Kc7 45. Bd3 Kb7 46. Ke2 a6 47. a4 a5  1/2-1/2

[Event "Olomouc Chess Summer 2023 - D1"]
[Site "Olomouc (CZE), Hotel Flora"]
[Date "2023.08.14"]
[Round "4"]
[Board "4"]
[White "Zidu, Jan"]
[Black "Krejci, Jan"]
[Result "0-1"]
[WhiteElo "1822"]
[BlackElo "2041"]
[PlyCount "0"]
[EventDate "2023.08.12"]
[EventRounds "9"]
[EventCountry "CZE"]

1. e4 g6 2. d4 Bg7 3. Nc3 a6 4. Nf3 d6 5. h3 Nd7 6. Be3 b5 7. Bd3 Bb7 8. a3 Ngf6
9. d5 O-O 10. Qd2 c6 11. dxc6 Bxc6 12. Nd4 Bb7 13. Bh6 Nc5 14. Bxg7 Kxg7 15. f3 e5
16. Nde2 Qb6 17. O-O-O b4 18. axb4 Qxb4 19. Nb1 Qa4 20. Na3 Rfc8 21. Kb1 Rab8 22.
Nc3 Qb4 23. Na2 Qa4 24. Nc3 Qa5 25. Na2 Qc7 26. Bc4 Ne8 27. g4 Qb6 28. b3 Nxe4 29.
fxe4 Bxe4 30. Kb2 Bxh1 31. Rxh1 Rxc4 32. Nxc4 Qc6 33. Rf1 Qxc4 34. Qf2 a5 35. Kc1
Rxb3  0-1

[Event "Olomouc Chess Summer 2023 - D1"]
[Site "Olomouc (CZE), Hotel Flora"]
[Date "2023.08.14"]
[Round "4"]
[Board "5"]
[White "Nikolaev, Leonid"]
[Black "Navratil, Ladislav"]
[Result "1-0"]
[WhiteElo "2285"]
[BlackElo "1737"]
[PlyCount "0"]
[EventDate "2023.08.12"]
[EventRounds "9"]
[EventCountry "CZE"]

1. d4 d5 2. Nf3 Nf6 3. c4 e6 4. g3 dxc4 5. Bg2 a6 6. O-O Be7 7. Ne5 O-O 8. Nxc4 Nc6
9. e3 Rb8 10. Nc3 Nd5 11. f4 b5 12. Ne5 Nxe5 13. Nxd5 exd5 14. dxe5 c6 15. f5 f6
16. e6 Bb7 17. Rf4 g5 18. Rf2 Kg7 19. Rc2 Qb6 20. b3 Bc5 21. Qe2 d4 22. Bb2 d3 23.
Qxd3 Bxe3+ 24. Kh1 Rfd8 25. Qe4 Rd5 26. e7 c5 27. e8=Q Rxe8 28. Qxe8 Rd1+ 29. Rxd1
Bxg2+ 30. Rxg2  1-0

[Event "Olomouc Chess Summer 2023 - D1"]
[Site "Olomouc (CZE), Hotel Flora"]
[Date "2023.08.14"]
[Round "4"]
[Board "6"]
[White "Navratil, Jiri"]
[Black "Kucera, Jiri"]
[Result "1/2-1/2"]
[WhiteElo "1899"]
[BlackElo "1885"]
[PlyCount "0"]
[EventDate "2023.08.12"]
[EventRounds "9"]
[EventCountry "CZE"]

1. d4 Nf6 2. Nf3 g6 3. Bf4 Bg7 4. c3 b6 5. h3 Bb7 6. Nbd2 O-O 7. e3 d6 8. Bc4 Nbd7
9. O-O c5 10. Re1 Rc8 11. Rc1 d5 12. Bd3 Ne4 13. Bxe4 dxe4 14. Ng5 e5 15. dxe5 Nxe5
16. Bxe5 Qxg5 17. Bxg7 Kxg7 18. Qa4 a6 19. Nxe4 Qh4 20. Nxc5 Qxa4 21. Nxa4 b5 22.
Nb6 Rc6 23. Nd5 Rd6 24. e4 Bxd5 25. exd5 Rxd5 26. Rc2 Rfd8 27. g3 Rd1 28. Rxd1 Rxd1+
29. Kg2 h5 30. h4 Kf6 31. b3 Ra1 32. c4 bxc4 33. bxc4 Ke7 34. c5 Kd7 35. c6+ Kc7
36. Kf3 Re1 37. Kf4 f6 38. f3 a5 39. Rc5 Re6 40. g4 hxg4 41. Kxg4 a4 42. Rc4 a3 43.
Rc3 Rd6 44. Rxa3 Rxc6 45. Ra7+ Kd6 46. a4 Rc1 47. a5 Ke6 48. a6 Rg1+ 49. Kf4 Ra1
50. Rg7 Ra4+ 51. Kg3 Rxa6 52. Rxg6 Kf7 53. h5 Ra1 54. Kg4 Rh1 55. f4 Rh2 56. f5 Rh1
 1/2-1/2

[Event "Olomouc Chess Summer 2023 - D1"]
[Site "Olomouc (CZE), Hotel Flora"]
[Date "2023.08.14"]
[Round "4"]
[Board "7"]
[White "Malinovsky, Petr"]
[Black "Dusbaba, Karel"]
[Result "1/2-1/2"]
[WhiteElo "1956"]
[BlackElo "1963"]
[PlyCount "0"]
[EventDate "2023.08.12"]
[EventRounds "9"]
[EventCountry "CZE"]

1. d4 d5 2. c4 e6 3. Nc3 f5 4. Bf4 c6 5. e3 Nf6 6. Nf3 Bd6 7. c5 Bc7 8. b4 a6 9.
a4 Nbd7 10. Bd3 O-O 11. O-O Ne4 12. Qc2 Re8 13. Bxc7 Qxc7 14. Nd2 e5 15. Bxe4 fxe4
16. b5 exd4 17. exd4 Nf6 18. f3 exf3 19. Nxf3 axb5 20. axb5 Rxa1 21. Rxa1 Qf4 22.
Qd2 Qf5 23. Ne5 Ng4 24. Rf1 Qh5 25. Nf3 Ne3 26. Re1 Nc4 27. Rxe8+ Qxe8 28. Qe1 Bd7
29. Qxe8+ Bxe8 30. b6 h6 31. Kf2 Kf8 32. Nb1 Ke7 33. Nbd2 Na3 34. Nb3 Kd8 35. Nh4
Nc4 36. Ke2 Bh5+ 37. Nf3 Kc8 38. h3 g5 39. Kf2 Nb2 40. Ke2 Nc4 41. Nc1 Bg6 42. Nd3
Be4 43. Nf2 Bf5 44. Nd3 Be4 45. Nf2 Bf5 46. g3 Kd8 47. h4 g4 48. Ne1 Ke7 49. Ng2
Kf6 50. Ne3 h5 51. Nxf5 Kxf5 52. Kd3 Kg6 53. Nd1 Kf5 54. Nc3 Nb2+ 55. Kd2 Nc4+ 56.
Ke2 Nb2 57. Nxd5 Ke4 58. Nf6+ Kxd4 59. Nxh5 Nc4 60. Nf6 Ne5 61. h5 Kxc5 62. h6 Ng6
63. Nxg4 Kxb6 64. h7 Kc7 65. Ne5 Nh8 66. Ke3 Kd6 67. Ke4 Ke6 68. g4 Kf6 69. Kd4 Kg7
 1/2-1/2

[Event "Olomouc Chess Summer 2023 - D1"]
[Site "Olomouc (CZE), Hotel Flora"]
[Date "2023.08.14"]
[Round "4"]
[Board "8"]
[White "Cap, Piotr"]
[Black "Pribyl, Rene"]
[Result "1/2-1/2"]
[WhiteElo "2136"]
[BlackElo "1901"]
[PlyCount "0"]
[EventDate "2023.08.12"]
[EventRounds "9"]
[EventCountry "CZE"]

1. d4 d5 2. Bf4 c6 3. e3 Bf5 4. Bd3 Bxd3 5. Qxd3 Nf6 6. Ne2 e6 7. O-O Bd6 8. c4 Bxf4
9. Nxf4 O-O 10. Nc3 Nbd7 11. Rfd1 Re8 12. Nfe2 Qe7 13. Rac1 dxc4 14. Qxc4 e5 15.
Qb3 exd4 16. Rxd4 c5 17. Rd2 b6 18. Nf4 g5 19. Nfd5 Nxd5 20. Nxd5 Qd6 21. Qc3 Qe5
22. Qxe5 Rxe5 23. Nc7 Rd8 24. Rcd1 Re7 25. Nb5 Kf8 26. Nxa7 Ra8 27. Rxd7 Rxa7 28.
Rxa7 Rxa7 29. a3 Ke7 30. Kf1 c4 31. Rc1 b5 32. Ke2 f6 33. Kd2 Rd7+ 34. Kc2 h5 35.
Rd1 Rb7 36. Kc3 Ke6 37. Kb4 h4 38. f3 Ke5 39. Rd8 f5 40. Rc8 Rd7 41. Rc5+ Kf6 42.
Rxb5 Rd2 43. Kxc4 Rxg2 44. Rb6+ Kg7 45. Kd4 Rxh2 46. Ke5 g4 47. Kxf5 g3 48. e4 g2
49. Rg6+ Kf7 50. e5 h3 51. e6+ Ke7 52. Rg7+ Kd6 53. Rd7+ Kc6 54. Rd1 Rh1 55. e7 Rxd1
56. e8=Q+ Kc5 57. Qc8+ Kb6 58. Qe6+ Kc7 59. Qc4+ Kd8 60. Qg8+ Kc7 61. Qc4+ Kd8 62.
Qh4+ Kc7 63. Qc4+ Kd8 64. Qg8+  1/2-1/2

[Event "Olomouc Chess Summer 2023 - D1"]
[Site "Olomouc (CZE), Hotel Flora"]
[Date "2023.08.15"]
[Round "5"]
[Board "1"]
[White "Krejci, Jan"]
[Black "Vales, Vaclav"]
[Result "1/2-1/2"]
[WhiteElo "2041"]
[BlackElo "2028"]
[PlyCount "0"]
[EventDate "2023.08.12"]
[EventRounds "9"]
[EventCountry "CZE"]

1. c4 c6 2. Nf3 d5 3. e3 Nf6 4. Nc3 e6 5. b3 Nbd7 6. Bb2 Bd6 7. d4 Qe7 8. Be2 O-O
9. O-O a6 10. a4 b6 11. Qc2 dxc4 12. bxc4 e5 13. a5 b5 14. Ne4 Nxe4 15. Qxe4 Nf6
16. Qh4 e4 17. Ne1 Rb8 18. Nc2 bxc4 19. Ba3 Rb3 20. Bxd6 Qxd6 21. Qg3 Qxg3 22. hxg3
Rb2 23. Rfc1 c3 24. Ra3 Nd5 25. Bc4 Bb7 26. Bxd5 cxd5 27. Rxc3 Rb5 28. Rc5 Rc8 29.
Rxc8+ Bxc8 30. Na3 Rb8 31. Rb1 Rxb1+ 32. Nxb1 Kf8 33. Nc3 Bb7 34. f3 f5 35. Kf2 Bc6
36. g4 exf3 37. Kxf3 fxg4+ 38. Kxg4 Ke7 39. Kf4 Ke6 40. Kg5 Be8 41. Na2 Bb5 42. Nb4
Bc4 43. Nc6 Kd6 44. Ne5 Ke6 45. Kf4 Bf1 46. Kf3 Bb5 47. Kf2 Kd6 48. Nf7+ Kc6 49.
Ne5+ Kd6 50. Kf3 Bf1 51. g4 Ke6 52. Kf4 Bb5 53. Nf3 Bd3 54. Ng5+ Kf6 55. Nh3 Ke6
56. Ng1 Kd6 57. Nf3 Ke6 58. Ne5 Bf1 59. Nc6 Bd3 60. Nb4 Bf1 61. g5 Kd6  1/2-1/2

[Event "Olomouc Chess Summer 2023 - D1"]
[Site "Olomouc (CZE), Hotel Flora"]
[Date "2023.08.15"]
[Round "5"]
[Board "2"]
[White "Wiley, Tom E"]
[Black "Llopis de Aysa, Manuel"]
[Result "1/2-1/2"]
[WhiteElo "2146"]
[BlackElo "1995"]
[PlyCount "0"]
[EventDate "2023.08.12"]
[EventRounds "9"]
[EventCountry "CZE"]

1. d4 g6 2. c4 Bg7 3. e4 d6 4. Nc3 e5 5. dxe5 dxe5 6. Qxd8+ Kxd8 7. f4 Be6 8. Nf3
Nc6 9. Be3 Nf6 10. O-O-O+ Kc8 11. g3 h6 12. Be2 Re8 13. Rhe1 b6 14. Nh4 exf4 15.
gxf4 Bg4 16. e5 Bxe2 17. Rxe2 Nh7 18. Rg2 Kb7 19. Nf3 Rad8 20. Rxd8 Rxd8 21. Nd5
Nf8 22. h4 h5 23. Ng5 Rd7 24. b3  1/2-1/2

[Event "Olomouc Chess Summer 2023 - D1"]
[Site "Olomouc (CZE), Hotel Flora"]
[Date "2023.08.15"]
[Round "5"]
[Board "3"]
[White "Bartos, Jan"]
[Black "Nikolaev, Leonid"]
[Result "1-0"]
[WhiteElo "2095"]
[BlackElo "2285"]
[PlyCount "0"]
[EventDate "2023.08.12"]
[EventRounds "9"]
[EventCountry "CZE"]

1. d4 Nf6 2. c4 g6 3. Nc3 Bg7 4. e4 d6 5. Nf3 O-O 6. Be2 Bg4 7. Be3 Nfd7 8. Ng1 Bxe2
9. Ngxe2 e5 10. O-O Nc6 11. Qd2 exd4 12. Nxd4 Nde5 13. b3 Qd7 14. f3 f5 15. exf5
Nxd4 16. Bxd4 Rxf5 17. Rad1 Raf8 18. f4 Qf7 19. Ne2 g5 20. g3 gxf4 21. Nxf4 Bh6 22.
Qg2 Bxf4 23. Rxf4 Nc6 24. Rg4+  1-0

[Event "Olomouc Chess Summer 2023 - D1"]
[Site "Olomouc (CZE), Hotel Flora"]
[Date "2023.08.15"]
[Round "5"]
[Board "4"]
[White "Kastner, Oldrich"]
[Black "Matousek, Petr"]
[Result "1-0"]
[WhiteElo "2038"]
[BlackElo "2063"]
[PlyCount "0"]
[EventDate "2023.08.12"]
[EventRounds "9"]
[EventCountry "CZE"]

1. d4 Nf6 2. Nf3 g6 3. Bg5 Bg7 4. c3 d6 5. Nbd2 h6 6. Bh4 g5 7. Bg3 Nh5 8. e3 Nxg3
9. hxg3 Bf5 10. Qb3 Qc8 11. e4 Bg6 12. Bd3 O-O 13. Nf1 e6 14. O-O-O Nd7 15. Ne3 Nb6
16. Qc2 c5 17. dxc5 Qxc5 18. e5 dxe5 19. Bxg6 fxg6 20. Ng4 e4 21. Nxh6+ Bxh6 22.
Rxh6 Kg7 23. Rdh1 Rh8 24. Rxh8 Rxh8 25. Rxh8 Kxh8 26. Qxe4 Qxf2 27. Qe5+ Kh7 28.
Nxg5+ Kh6 29. Qh8+ Kxg5 30. Qh4+  1-0

[Event "Olomouc Chess Summer 2023 - D1"]
[Site "Olomouc (CZE), Hotel Flora"]
[Date "2023.08.15"]
[Round "5"]
[Board "5"]
[White "Dusbaba, Karel"]
[Black "Jiruse, Josef"]
[Result "0-1"]
[WhiteElo "1963"]
[BlackElo "1914"]
[PlyCount "0"]
[EventDate "2023.08.12"]
[EventRounds "9"]
[EventCountry "CZE"]

1. c4 c5 2. Nc3 Nc6 3. g3 g6 4. Bg2 Bg7 5. Nf3 e5 6. O-O Nge7 7. d3 O-O 8. a3 d6
9. Bd2 h6 10. Rb1 Be6 11. b4 Qd7 12. Qb3 Rab8 13. Nd5 b6 14. Rfd1 f5 15. e3 g5 16.
Bc3 Ng6 17. Ne1 f4 18. b5 Nd8 19. Rd2 Bg4 20. f3 Be6 21. e4 h5 22. Rf2 Bh6 23. Bd2
Rb7 24. Qd1 Qc8 25. Rb2 Rbf7 26. Bc1 Bd7 27. a4 Nb7 28. Ra2 Be6 29. Nc2 Kh7 30. Na1
g4 31. Nb3 h4 32. gxf4 Nxf4 33. Nxf4 Bxf4 34. Bxf4 Rxf4 35. fxg4 Bxg4 36. Qe1 h3
37. Rxf4 Rxf4 38. Bf1 Qg8 39. Qg3 Rf3 40. Qh4+ Bh5+ 41. Bg2 Qg6 42. Re2 hxg2 43.
Rxg2 Qf7 44. Nd2 Rf6 45. Rg5 Rh6 46. Rf5 Qg7+ 47. Rg5 Qxg5+  0-1

[Event "Olomouc Chess Summer 2023 - D1"]
[Site "Olomouc (CZE), Hotel Flora"]
[Date "2023.08.15"]
[Round "5"]
[Board "6"]
[White "Kucera, Jiri"]
[Black "Petras, Milan"]
[Result "1/2-1/2"]
[WhiteElo "1885"]
[BlackElo "1924"]
[PlyCount "0"]
[EventDate "2023.08.12"]
[EventRounds "9"]
[EventCountry "CZE"]

1. Nf3 f5 2. g3 Nf6 3. Bg2 g6 4. b3 Bg7 5. Bb2 O-O 6. O-O d6 7. d4 c6 8. Nbd2 Qe8
9. Re1 Ne4 10. c4 Nd7 11. Nxe4 fxe4 12. Ng5 e3 13. fxe3 e5 14. d5 Bh6 15. dxc6 bxc6
16. Bxc6 Rb8 17. Qd5+ Kh8 18. Qxd6 Bxg5 19. Qxb8 Bxe3+ 20. Kg2 Nxb8 21. Bxe8 Bb7+
22. Kh3 Rxe8  1/2-1/2

[Event "Olomouc Chess Summer 2023 - D1"]
[Site "Olomouc (CZE), Hotel Flora"]
[Date "2023.08.15"]
[Round "5"]
[Board "7"]
[White "Molnar, Jiri"]
[Black "Navratil, Jiri"]
[Result "1-0"]
[WhiteElo "1918"]
[BlackElo "1899"]
[PlyCount "0"]
[EventDate "2023.08.12"]
[EventRounds "9"]
[EventCountry "CZE"]

1. e4 c5 2. f4 e6 3. Nc3 a6 4. Be2 d5 5. d3 Nc6 6. Nf3 d4 7. Nb1 b5 8. O-O Nf6 9.
Nbd2 Be7 10. Qe1 O-O 11. Ng5 e5 12. fxe5 Nxe5 13. Ndf3 Nxf3+ 14. Bxf3 Ra7 15. Qg3
c4 16. Bf4 Be6 17. Nxe6 fxe6 18. Bh6 Ne8 19. Bh5 Bf6 20. e5 Kh8 21. Bg5 g6 22. exf6
gxh5 23. f7  1-0

[Event "Olomouc Chess Summer 2023 - D1"]
[Site "Olomouc (CZE), Hotel Flora"]
[Date "2023.08.15"]
[Round "5"]
[Board "8"]
[White "Navratil, Ladislav"]
[Black "Cap, Piotr"]
[Result "0-1"]
[WhiteElo "1737"]
[BlackElo "2136"]
[PlyCount "0"]
[EventDate "2023.08.12"]
[EventRounds "9"]
[EventCountry "CZE"]

1. c4 d6 2. Nc3 c6 3. g3 Nf6 4. Bg2 e5 5. Nf3 Be7 6. d3 O-O 7. O-O Bg4 8. h3 Be6
9. Bd2 h6 10. b4 Nbd7 11. Ne1 d5 12. cxd5 cxd5 13. a3 Rc8 14. Nc2 Qc7 15. Rc1 d4
16. Nxd4 exd4 17. Nd5 Nxd5 18. Rxc7 Rxc7 19. Qa1 Bf6 20. Rc1 Rfc8 21. Rxc7 Rxc7 22.
Bxd5 Bxd5 23. Qd1 Be6 24. Kh2 Nb6 25. e4 dxe3 26. Bxe3 Rd7 27. a4 Nd5 28. Bd2 a6
29. Qf3 Be7 30. Qe4 Rc7 31. b5 axb5 32. axb5 Rc2 33. Be1 b6 34. Qe5 Bf6 35. Qe4 Rb2
36. Kg1 Rxb5 37. f4 Ne7 38. Qa8+ Kh7 39. Qa4 Rd5 40. g4 Rd4 41. Qb5 Rxf4 42. Bg3
Bd4+ 43. Kh2 Rf1 44. Bd6 Nd5 45. Qa4 Bf6 46. Qe4+ g6 47. Kg2 Rb1 48. d4 Rb2+ 49.
Kg3 b5 50. Be5 b4 51. Bxf6 Nxf6 52. Qe5 Nd5 53. g5 hxg5 54. Qxg5 Rb3+ 55. Kg2 Rxh3
56. Qc1 b3 57. Qb2 Nb6 58. Qb1 Na4 59. d5 Bf5 60. Qxf5  0-1

[Event "Olomouc Chess Summer 2023 - D1"]
[Site "Olomouc (CZE), Hotel Flora"]
[Date "2023.08.16"]
[Round "6"]
[Board "1"]
[White "Krejci, Jan"]
[Black "Wiley, Tom E"]
[Result "1/2-1/2"]
[WhiteElo "2041"]
[BlackElo "2146"]
[PlyCount "0"]
[EventDate "2023.08.12"]
[EventRounds "9"]
[EventCountry "CZE"]

1. Nf3 d5 2. c4 d4 3. b4 f6 4. Bb2 e5 5. a3 c5 6. bxc5 Bxc5 7. d3 Nc6 8. g3 Nge7
9. Nbd2 O-O 10. Bg2 Be6 11. O-O Qd7 12. Nb3 b6 13. a4 Bb4 14. Qc2 Rab8 15. e3 Bc5
16. exd4 exd4 17. a5 Bf5 18. Nxc5 bxc5 19. Ba3 Nb4 20. Bxb4 Rxb4 21. Rfb1 Rfb8 22.
Rxb4 Rxb4 23. Nd2 Qc7  1/2-1/2

[Event "Olomouc Chess Summer 2023 - D1"]
[Site "Olomouc (CZE), Hotel Flora"]
[Date "2023.08.16"]
[Round "6"]
[Board "2"]
[White "Vales, Vaclav"]
[Black "Bartos, Jan"]
[Result "1/2-1/2"]
[WhiteElo "2028"]
[BlackElo "2095"]
[PlyCount "0"]
[EventDate "2023.08.12"]
[EventRounds "9"]
[EventCountry "CZE"]

1. Nf3 d5 2. d4 Nf6 3. c4 e6 4. Nc3 Bb4 5. Qa4+ Nc6 6. e3 O-O 7. Bd2 Re8 8. Be2 dxc4
9. Bxc4 a6 10. Qc2 h6 11. a3 Bd6 12. Ne2 e5 13. dxe5 Nxe5 14. Nxe5 Bxe5 15. Bc3  1/2-1/2

[Event "Olomouc Chess Summer 2023 - D1"]
[Site "Olomouc (CZE), Hotel Flora"]
[Date "2023.08.16"]
[Round "6"]
[Board "3"]
[White "Llopis de Aysa, Manuel"]
[Black "Kastner, Oldrich"]
[Result "0-1"]
[WhiteElo "1995"]
[BlackElo "2038"]
[PlyCount "0"]
[EventDate "2023.08.12"]
[EventRounds "9"]
[EventCountry "CZE"]

1. d4 Nf6 2. Nf3 e6 3. c4 b6 4. g3 c6 5. Bg2 Bb4+ 6. Bd2 Be7 7. Nc3 d5 8. O-O O-O
9. Bf4 Ba6 10. cxd5 cxd5 11. Ne5 Nfd7 12. Rc1 Nxe5 13. Bxe5 Qd7 14. Bxb8 Raxb8 15.
Re1 Rfc8 16. e3 Rc7 17. Bf1 Bxf1 18. Kxf1 Rbc8 19. Qd3 Bb4 20. Red1 Bxc3 21. Rxc3
Rxc3 22. bxc3 Qa4 23. Rd2 Rc4 24. Ke2 Qa5 25. Rc2 Ra4 26. Qd2 Qa6+ 27. Ke1 Qc4 28.
Qe2 Qc6 29. Qd2 Rc4 30. Kd1 b5 31. Kc1 g6 32. Kb1 h5 33. h4 Kg7 34. Kb2 f6 35. Kb1
e5 36. dxe5 fxe5 37. Kb2 a5 38. Rc1 Kf6 39. Rc2 Qc5 40. Kb1 e4 41. Rc1 Ke5 42. Kb2
Kd6 43. Kb1 a4 44. Rc2 a3 45. Kc1 Ke5 46. Kd1 Kf5 47. Kc1 Ke6 48. Kd1 Qb6 49. Qc1
b4 50. Qb1 Kf5 51. Qb3 Qb5 52. Kd2 Kg4 53. cxb4 Qxb4+ 54. Qxb4 Rxb4 55. Kc1 Rc4  0-1

[Event "Olomouc Chess Summer 2023 - D1"]
[Site "Olomouc (CZE), Hotel Flora"]
[Date "2023.08.16"]
[Round "6"]
[Board "4"]
[White "Jiruse, Josef"]
[Black "Molnar, Jiri"]
[Result "1-0"]
[WhiteElo "1914"]
[BlackElo "1918"]
[PlyCount "0"]
[EventDate "2023.08.12"]
[EventRounds "9"]
[EventCountry "CZE"]

1. e4 d5 2. exd5 Qxd5 3. d4 Nf6 4. Nf3 Bg4 5. Be2 e6 6. O-O Be7 7. c4 Qd8 8. Qb3
Qc8 9. Nc3 O-O 10. h3 Bh5 11. Be3 c6 12. Rfd1 Nbd7 13. Rac1 Rd8 14. a3 c5 15. Qa2
cxd4 16. Nxd4 Bxe2 17. Ncxe2 Ne5 18. b4 Ng6 19. Nf3 Qc7 20. Nc3 a6 21. Na4 Rxd1+
22. Rxd1 Ne5 23. Nxe5 Qxe5 24. Qd2 h6 25. Bb6 Rc8 26. Nb2 Rc6 27. c5 Nd5 28. Nc4
Qb8 29. g3 Bg5 30. Qd3 h5 31. Qf3 h4 32. Nd6 Rxd6 33. cxd6 Nxb6 34. Qg4 Bf6 35. d7
hxg3 36. fxg3 Qc7 37. Qf4 e5 38. Qxf6 Nxd7 39. Qd6 Qc3 40. Qd3 Qxd3 41. Rxd3 Nb6
42. Rd8+ Kh7 43. Rb8 Nc4 44. Rxb7 Nxa3 45. Rxf7 Kg6 46. Ra7 Nc2 47. Rxa6+ Kf5 48.
b5 e4 49. Ra2 Nd4 50. b6 e3 51. b7 Nc6 52. Ra6  1-0

[Event "Olomouc Chess Summer 2023 - D1"]
[Site "Olomouc (CZE), Hotel Flora"]
[Date "2023.08.16"]
[Round "6"]
[Board "5"]
[White "Nikolaev, Leonid"]
[Black "Stern, Geoffrey"]
[Result "1/2-1/2"]
[WhiteElo "2285"]
[BlackElo "1949"]
[PlyCount "0"]
[EventDate "2023.08.12"]
[EventRounds "9"]
[EventCountry "CZE"]

1. c4 e6 2. Nf3 d5 3. d4 Nf6 4. Nc3 Nbd7 5. g3 dxc4 6. Bg2 Bb4 7. Nd2 Nb6 8. Nxc4
Nfd5 9. Qb3 Nxc4 10. Qxc4 O-O 11. O-O Nxc3 12. bxc3 Bd6 13. f4 c6 14. e4 Bd7 15.
e5 Be7 16. Rb1 b5 17. Qd3 Rc8 18. Be4 g6 19. h4 c5 20. h5 Bc6 21. Bxc6 Rxc6 22. Rxb5
cxd4 23. cxd4 Qd7 24. Be3 Rfc8 25. Bf2 Rc4 26. Qb1 Qc6 27. Rb8 Rc2 28. Qb7 Rxb8 29.
Qxb8+ Bf8 30. hxg6 hxg6 31. Qxa7 Qf3 32. Qa4 Rd2 33. Qb3 Rd3 34. Qc2 Rc3 35. Qd1
Qd5 36. a4 Ra3 37. Re1 Qa5 38. f5 exf5 39. e6 fxe6 40. Rxe6 Kf7 41. Re5 Qxa4 42.
Qxa4  1/2-1/2

[Event "Olomouc Chess Summer 2023 - D1"]
[Site "Olomouc (CZE), Hotel Flora"]
[Date "2023.08.16"]
[Round "6"]
[Board "6"]
[White "Cap, Piotr"]
[Black "Petras, Milan"]
[Result "1-0"]
[WhiteElo "2136"]
[BlackElo "1924"]
[PlyCount "0"]
[EventDate "2023.08.12"]
[EventRounds "9"]
[EventCountry "CZE"]

1. d4 g6 2. e4 Bg7 3. Nc3 c6 4. h4 h5 5. Bc4 e6 6. e5 d5 7. exd6 Qxd6 8. Ne4 Qd8
9. Bg5 f6 10. Bf4 Bf8 11. c3 Kf7 12. Qe2 a5 13. a4 Na6 14. Nh3 Nc7 15. Qf3 Nd5 16.
Bg3 Be7 17. O-O Nh6 18. Rae1 Nf5 19. Bd3 b6 20. Nf4 Bd7 21. Re2 Qg8 22. Nh3 Kg7 23.
Rfe1 Re8 24. Nd2 Rh6 25. Qe4 Nxg3 26. fxg3 Bd6 27. Nf4 Bxf4 28. gxf4 Ne7 29. g3 Qf7
30. Kh2 Nd5 31. c4 Ne7 32. Qf3 Rhh8 33. Nb3 Rb8 34. d5 cxd5 35. Nd4 Rhe8 36. Nxe6+
Bxe6 37. Rxe6 Nf5 38. Bxf5 gxf5 39. cxd5 Kh6 40. Qd3 Qg6 41. d6 Rxe6 42. Rxe6 Rd8
43. d7 b5 44. axb5 Qf7 45. Qd6 Kg6 46. Re7 Qc4 47. Re6 Qc2+ 48. Kh3 Qxb2 49. Qe7
Qa1 50. Qe8+ Kh6 51. Re1 Qc3 52. Qxd8 Qxe1 53. Qxf6+ Kh7 54. Qxf5+  1-0

[Event "Olomouc Chess Summer 2023 - D1"]
[Site "Olomouc (CZE), Hotel Flora"]
[Date "2023.08.16"]
[Round "6"]
[Board "7"]
[White "Matousek, Petr"]
[Black "Ni, Polina"]
[Result "1-0"]
[WhiteElo "2063"]
[BlackElo "1848"]
[PlyCount "0"]
[EventDate "2023.08.12"]
[EventRounds "9"]
[EventCountry "CZE"]

1. e4 Nf6 2. e5 Nd5 3. g3 d6 4. exd6 exd6 5. Bg2 Nb6 6. d4 d5 7. Ne2 Bd6 8. O-O O-O
9. Nf4 c6 10. Re1 Na6 11. a4 Nc7 12. a5 Nd7 13. b3 Nf6 14. c4 Ne6 15. Nxe6 Bxe6 16.
a6 bxa6 17. c5 Bc7 18. Rxa6 Qc8 19. Rxc6 Qb7 20. Rcxe6 fxe6 21. Rxe6 Rae8 22. Rxe8
Rxe8 23. Be3 Rb8 24. Nd2 Ba5 25. Bg5 Bxd2 26. Bxf6 gxf6 27. Qxd2 Qxb3 28. h4 a5 29.
Qf4 Kg7 30. Qc7+ Kh6 31. Qf4+ Kg7 32. Bxd5 Qxd5 33. Qxb8 Qxd4 34. Qc7+ Kg8 35. Qxa5
Qd1+ 36. Kh2 Qd4 37. Qa2+ Kf8 38. Qc2 h5 39. c6 Qd8 40. c7 Qc8 41. Qh7 Ke8 42. Qh8+
Kd7 43. Qxc8+ Kxc8 44. g4  1-0

[Event "Olomouc Chess Summer 2023 - D1"]
[Site "Olomouc (CZE), Hotel Flora"]
[Date "2023.08.16"]
[Round "6"]
[Board "8"]
[White "Malinovsky, Petr"]
[Black "Kucera, Jiri"]
[Result "1-0"]
[WhiteElo "1956"]
[BlackElo "1885"]
[PlyCount "0"]
[EventDate "2023.08.12"]
[EventRounds "9"]
[EventCountry "CZE"]

1. Nf3 c5 2. g3 Nc6 3. Bg2 g6 4. O-O Bg7 5. c3 d5 6. d4 cxd4 7. Nxd4 Nf6 8. Nxc6
bxc6 9. c4 O-O 10. Nc3 Bb7 11. Qb3 Qb6 12. Be3 Qxb3 13. axb3 a6 14. Rfd1 e6 15. Na4
Nd7 16. Bd4 Rfd8 17. Bc3 f5 18. b4 Rab8 19. Rd2 Bxc3 20. bxc3 Kf7 21. cxd5 exd5 22.
e3 Bc8 23. Bf1 a5 24. bxa5 Ra8 25. Nb2 Nc5 26. Ra3 Ba6 27. Nd3 Nxd3 28. Bxd3 Bxd3
29. Rxd3 Ra6 30. c4 Ke6 31. cxd5+ cxd5 32. Rdb3 Rda8 33. Rb7 h5 34. Rab3 Rd6 35.
R3b5 Raa6 36. h4 Kf6 37. R7b6 Ke6 38. Kg2 Kd7 39. Kf3 Kc7 40. Rxa6 Rxa6 41. Rxd5
Kc6 42. Re5 Kd6 43. Rb5 Ke7 44. Rb7+ Kf8 45. Rb6  1-0

[Event "Olomouc Chess Summer 2023 - D1"]
[Site "Olomouc (CZE), Hotel Flora"]
[Date "2023.08.17"]
[Round "7"]
[Board "1"]
[White "Wiley, Tom E"]
[Black "Vales, Vaclav"]
[Result "1-0"]
[WhiteElo "2146"]
[BlackElo "2028"]
[PlyCount "0"]
[EventDate "2023.08.12"]
[EventRounds "9"]
[EventCountry "CZE"]

1. d4 d5 2. c4 c6 3. Nc3 Nf6 4. e3 e6 5. Nf3 Nbd7 6. Bd3 Bb4 7. O-O O-O 8. Qc2 dxc4
9. Bxc4 Bd6 10. Rd1 Qe7 11. h3 e5 12. Bb3 Bb8 13. a3 a5 14. Bd2 Kh8 15. Ne4 exd4
16. Nxf6 Nxf6 17. Nxd4 Ne4 18. Be1 f5 19. Qe2 Bd7 20. Rac1 Qe5 21. g3 Qe8 22. h4
b5 23. Qf3 Ra7 24. Ne2 Be5 25. Rc2 c5 26. Bd5 c4 27. Nd4 Bxd4 28. Rxd4 Nf6 29. Bb7
Ng4 30. Bd5 Ne5 31. Qe2 Nc6 32. Rd1 Ne5 33. Rd4 Nd3 34. Bc3 a4 35. Rd2 Nc1 36. Qf3
Nb3 37. Rd1 Rc7 38. Rf4 Be6 39. Bxe6 Qxe6 40. Rxf5 Rg8 41. Qd5 Qc8 42. Qxb5 Nc5 43.
Rdd5 Ne4 44. Bd4 c3 45. bxc3  1-0

[Event "Olomouc Chess Summer 2023 - D1"]
[Site "Olomouc (CZE), Hotel Flora"]
[Date "2023.08.17"]
[Round "7"]
[Board "2"]
[White "Bartos, Jan"]
[Black "Krejci, Jan"]
[Result "1-0"]
[WhiteElo "2095"]
[BlackElo "2041"]
[PlyCount "0"]
[EventDate "2023.08.12"]
[EventRounds "9"]
[EventCountry "CZE"]

1. d4 d5 2. c4 e6 3. Nf3 a6 4. Bg5 Nf6 5. e3 c6 6. Nc3 Nbd7 7. a3 Be7 8. Rc1 O-O
9. Bd3 dxc4 10. Bxc4 b5 11. Ba2 c5 12. O-O c4 13. e4 h6 14. Bf4 Nb6 15. Bb1 Re8 16.
e5 Nh7 17. Qd2 h5 18. Ne4 Bb7 19. Nfg5 Nxg5 20. Nxg5 Nd7 21. Bh7+ Kf8 22. Rc3 Qb6
23. Rh3 Bxg5 24. Bxg5 Qc6 25. Qb4+ Nc5 26. Qxc5+ Qxc5 27. dxc5 g6 28. Bf6 Rec8 29.
f3 Rxc5 30. g4 hxg4 31. fxg4 Rac8 32. Bxg6 fxg6 33. Rh8+ Kf7 34. Rh7+ Kg8 35. Rxb7
c3 36. bxc3 Rxc3 37. Rg7+ Kf8 38. Ra7 R8c4 39. Bg7+  1-0